|
|
|
|
| LEADER |
00000nam0a2200000 4500 |
| 001 |
276756 |
| 005 |
20250212150513.0 |
| 035 |
|
|
|a (RuTPU)RU\TPU\book\300029
|
| 035 |
|
|
|a RU\TPU\book\112967
|
| 090 |
|
|
|a 276756
|
| 100 |
|
|
|a 20141126d1937 k y0rusy50 ca
|
| 101 |
0 |
|
|a rus
|
| 102 |
|
|
|a RU
|
| 105 |
|
|
|a a z 001yy
|
| 181 |
|
0 |
|a i
|b e
|
| 182 |
|
0 |
|a n
|
| 183 |
|
0 |
|a nc
|2 RDAcarrier
|
| 200 |
1 |
|
|a Солончаки и солонцы
|f В. А. Ковда
|g Академия наук СССР, Почвенный институт им. В. В. Докучаева
|
| 203 |
|
|
|a Текст
|b визуальный
|c непосредственный
|
| 210 |
|
|
|a Москва
|a Ленинград
|c Изд-во АН СССР
|d 1937
|
| 215 |
|
|
|a 246 с.
|c ил.
|
| 283 |
|
|
|a volume
|2 RDAcarrier
|
| 317 |
|
|
|5 63413507: 181423
|a Поступила в НТБ в 1940 г. в составе книжного собрания академика М. А. Усова.
|
| 317 |
|
|
|5 63413507: КР-7996
|a Поступил в НТБ в 2024 г. в дар от дочери ученого О. А. Назаровой
|
| 320 |
|
|
|a Литература: с. 236-243
|
| 606 |
1 |
|
|a Почвы засоленные
|x Солончаки
|9 69649
|
| 610 |
1 |
|
|a почвоведение
|
| 610 |
1 |
|
|a грунты
|
| 610 |
1 |
|
|a соли
|
| 610 |
1 |
|
|a происхождение
|
| 610 |
1 |
|
|a солончаки
|
| 610 |
1 |
|
|a солонцы
|
| 610 |
1 |
|
|a условия образования
|
| 610 |
1 |
|
|a растения
|
| 610 |
1 |
|
|a орошение
|
| 610 |
1 |
|
|a мелиорация
|
| 610 |
1 |
|
|a Библиотека М. А. Усова
|
| 610 |
1 |
|
|a Коллекция А. Д. Назарова
|
| 610 |
1 |
|
|a дары библиотеке
|
| 675 |
|
|
|a 631.4
|v 4
|
| 700 |
|
1 |
|a Ковда
|b В. А.
|c российский почвовед
|f 1904-1991
|g Виктор Абрамович
|3 (RuTPU)RU\TPU\pers\11594
|9 2782
|
| 712 |
0 |
2 |
|a Академия наук СССР
|b Почвенный институт им. В. В. Докучаева
|3 (RuTPU)RU\TPU\col\8084
|4 570
|9 24468
|
| 801 |
|
1 |
|a RU
|b 63413507
|c 20061107
|g PSBO
|
| 801 |
|
2 |
|a RU
|b 63413507
|c 20150219
|g PSBO
|
| 942 |
|
|
|c BK
|